000 00338nam a22001337a 4500
003 MACL
005 20180426161806.0
008 180426b xxu||||| |||| 00| 0 eng d
040 _cMACl
100 _aMajid Husain
_972366
245 _aIndian& World Geography General Study 1st Paper Civil
650 _aGeagraphy
_972367
942 _2ddc
_cBK
999 _c57955
_d57955